Budi bahasa budaya kita : (Record no. 236)

000 -LEADER
fixed length control field nam a22 a 4500
003 - CONTROL NUMBER IDENTIFIER
control field AKMAL
005 - DATE AND TIME OF LATEST TRANSACTION
control field 20170516085706.0
008 - FIXED-LENGTH DATA ELEMENTS--GENERAL INFORMATION
fixed length control field 170516s2005 my | g | f000 0 may d
020 ## - INTERNATIONAL STANDARD BOOK NUMBER
International Standard Book Number 967903075X (kkt.)
040 ## - CATALOGING SOURCE
Original cataloging agency AKMAL
Transcribing agency AKMAL
082 04 - DEWEY DECIMAL CLASSIFICATION NUMBER
Classification number 395.09595 BUD
Edition number 21
090 00 - LOCALLY ASSIGNED LC-TYPE CALL NUMBER (OCLC); LOCAL CALL NUMBER (RLIN)
Classification number (OCLC) (R) ; Classification number, CALL (RLIN) (NR) 395.09595
Local cutter number (OCLC) ; Book number/undivided call number, CALL (RLIN) BUD
245 00 - TITLE STATEMENT
Title Budi bahasa budaya kita :
Remainder of title buku panduan
260 ## - PUBLICATION, DISTRIBUTION, ETC.
Place of publication, distribution, etc. Kuala Lumpur :
Name of publisher, distributor, etc. Kementerian Kebudayaan, Kesenian dan Warisan,
Date of publication, distribution, etc. 2005
300 ## - PHYSICAL DESCRIPTION
Extent 32ms. ;
Dimensions 13cm.
650 10 - SUBJECT ADDED ENTRY--TOPICAL TERM
Topical term or geographic name entry element Manners and customs
9 (RLIN) 532
650 20 - SUBJECT ADDED ENTRY--TOPICAL TERM
Topical term or geographic name entry element Malays
General subdivision Social life and customs
9 (RLIN) 533
650 20 - SUBJECT ADDED ENTRY--TOPICAL TERM
Topical term or geographic name entry element Etiquette
9 (RLIN) 534
710 1# - ADDED ENTRY--CORPORATE NAME
Corporate name or jurisdiction name as entry element Malaysia.
Subordinate unit Kementerian Kebudayaan, Kesenian dan Warisan
9 (RLIN) 535
942 ## - ADDED ENTRY ELEMENTS (KOHA)
Source of classification or shelving scheme
Koha item type Book
Holdings
Withdrawn status Lost status Source of classification or shelving scheme Damaged status Not for loan Collection code Home library Current library Shelving location Date acquired Inventory number Total Checkouts Full call number Barcode Date last seen Koha item type Price effective from
          NON-FICTION AKMAL Melaka AKMAL Melaka PINJAMAN 27.04.2017 304849   395 BUD 201706635 28.04.2017 Book  
          NON-FICTION AKMAL Melaka AKMAL Melaka PINJAMAN 27.04.2017 304848   395 BUD 201706633 28.04.2017 Book  
          NON-FICTION AKMAL Melaka AKMAL Melaka PINJAMAN 27.04.2017 304850   395 BUD 201706631 28.04.2017 Book  
          NON-FICTION AKMAL Melaka AKMAL Melaka PINJAMAN 27.04.2017 304669   395.09595 BUD 201706652 28.04.2017 Book  
          NON-FICTION AKMAL Melaka AKMAL Melaka PINJAMAN 27.04.2017 304670   395.09595 BUD 201706649 28.04.2017 Book  
          NON-FICTION AKMAL Melaka AKMAL Melaka PINJAMAN 27.04.2017 -   395 BUD 201700689 28.04.2017 Book 27.04.2017
          NON-FICTION AKMAL Melaka AKMAL Melaka PINJAMAN 27.04.2017 -   395 BUD 201700690 28.04.2017 Book 27.04.2017
          NON-FICTION AKMAL Melaka AKMAL Melaka PINJAMAN 27.04.2017 -   395 BUD 201700691 28.04.2017 Book 27.04.2017
          NON-FICTION AKMAL Melaka AKMAL Melaka PINJAMAN 27.04.2017 -   395 BUD 201700692 28.04.2017 Book 27.04.2017
          NON-FICTION AKMAL Melaka AKMAL Melaka PINJAMAN 27.04.2017 -   395 BUD 201700693 28.04.2017 Book 27.04.2017
          NON-FICTION AKMAL Melaka AKMAL Melaka PINJAMAN 16.05.2017 304666   395.09595 BUD 201706656 16.05.2017 Book 16.05.2017
          NON-FICTION AKMAL Melaka AKMAL Melaka PINJAMAN 16.05.2017 304668   395.09595 BUD 201706658 16.05.2017 Book 16.05.2017
          NON-FICTION AKMAL Melaka AKMAL Melaka PINJAMAN 16.05.2017 304667   395.09595 BUD 201706654 16.05.2017 Book 16.05.2017
Pusat Sumber Maklumat Dato' Haji Sarmin Md Hussin, Akademi Kastam Diraja Malaysia, Melaka
Tel: 06-2331106 | Faks: 06-2313787